01049nam a2200289Ia 450000500170000000800410001702000180005810000270007624500970010325000170020030000500021749000450026753400330031265000510034565000490039665000350044565000370048070000290051794200150054626400490056133600270061033700330063733800280067004000350069808400110073399900150074420220317001404.0161108s2012 mx a g 000 0 spa  a97860716094101 aBrowne, Anthonyd1946-10aUn gorilabun libro no sólo para contarcAnthony Browne ; traducción de Mariana Mendía a1a.edición a[26] páginasbilustraciones en colorc31 cm aLos especiales de A la orilla del viento tOne gorilla. A counting book142LEMBaÁlbumes infantiles ingleses ySiglo XX142LEMBaLiteratura infantil inglesa ySiglo XX142LEMBaGorilas en la literatura142LEMBaNúmeros en la literatura1 aMendía, Mariana971968 2loccBKINF aMéxicobFondo de Cultura Económicac2012 atextobtxt2rdacontent asin mediaciónbn2rdamedia avolumenbnc2rdacarrier aCO-BoRNBPbspaerdacCO-BoRNBP aA BRO1 c6819d6819